Normal view
MARC view
Entry Personal Name
001 - CONTROL NUMBER
- control field: 250364
003 - CONTROL NUMBER IDENTIFIER
- control field: OSt
005 - DATE AND TIME OF LATEST TRANSACTION
- control field: 20220925180019.0
008 - FIXED-LENGTH DATA ELEMENTS
- fixed length control field: 220925|| aca||aabn | a|a d
040 ## - CATALOGING SOURCE
- Original cataloging agency: OSt
- Transcribing agency: OSt
100 ## - HEADING--PERSONAL NAME
- Personal name: Junker Laura L
670 ## - SOURCE DATA FOUND
- Source citation: Work cat.: (OSt)495356: Morrison Kathleen D 38557, Forager-traders in South and Southeast Asia, 2002
